1680 1425 1490 1858 1723 1474 1747 1632 1158 1690 1510 1696 1501 1993 1245 1749 1361 1644 1556 1089 1178 1928 1680 1697 1011 1290 1109 1985 1228 1961 1894 1399 1883 1105 1543 1718 1758 1646 1204 1275 1730 1738 1552 1451 1698 1253 1120 1846 1695 1441 1145 1960 1805 1341 1949 1225 1182 1517 1685 1513 1379 1975 1419 1502 1771 1352 1102 1820 1917 1916 1777 1542 1103 1693 1027 1171 1974 1907 1966 1507 1352 1653 1170 1361 1634 1951 1418 1370 1553 1310 1268 1989 1627 1635 1303 1328 1000 1109 1453 BCNSPRNW ULIB Ver.6.0+V

เปลี่ยนเป็นภาษาไทย

Change to English
 แสดงรายละเอียดบรรณานุกรม
  กลับหน้าหลัก

Brief Record : Get Marc (ISO 2709) : E-mail record : QR code < ปิดหน้าต่าง
LEADER : 00000nam 2200000uu 4500
001    13399112903
003     ULIB
008    110916s2553||||th 000 0 tha d
020    9786165000345
090    นว.^bณ429ต 2553
100 0  ณารา
245 00 ตราบสิ้นสิเน่หา/^cณารา
250    พิมพ์ครั้งที่ 2
260    กรุงเทพฯ :^bพิมพ์คำ,^c2553
300    488 หน้า
945    ^p290^l0^i17001
995    กัณชพร
999    ^aใช้งานได้ทุกระบบ
รายการนี้ยังไม่มีแท็ก
คุณยังไม่ได้ล็อกอิน คุณสามารถมีกิจกรรมร่วมกับเว็บไซต์ได้ แต่ต้องล็อกอินก่อน ::
  ล็อกอิน

รายการสื่อสารสนเทศ

ลำดับที่ ประเภท เลขเรียก/บาร์โค้ด สถานที่ สถานะ
1. นวนิยาย
นวนิยาย
นว. ณ429ต 2553  
  Barcode: 17001
ห้องสมุดวิทยาเขตสวรรค์ประชารักษ์
►นวนิยาย
บนชั้น
  ขอยืม

รายการใกล้เคียง
    ผู้แต่ง [ณารา]

BibComment


ยังไม่เคยถูกคอมเมนท์

คอมเมนท์ทรัพยากรรายการนี้
  คอมเมนท์: ตราบสิ้นสิเน่หา ณ..


 Copyright 2026. Bcnsprnw @Library